00663nam a2200157Ia 4500008004100000100002000041245008000061245014300141260004900284260000900333300001000342650001300352856004800365999001900413952007300432170221s9999 xx 000 0 und d aJohn C. Gardner aUsing Coke-Cola and Pepsico to demonstrate Optimal Capital Structure Theory cJohn C. Gardner, University of New Orleans; Carl B. McGowan, Jr., Norfolk State University; Susan E. Moeller, Eastern Michigan University. bJournal of Management and Marketing Research c2014 a9 : 2 xBusiness uhttp://www.aabri.com/manuscripts/131551.pdf c313681d313681 001040aCLbCLd2017-02-21l0r2017-02-21 00:00:00w2017-02-21yFOJ